00699nam a2200217 4500001000700000003000900007005001700016007000300033008004100036020001800077080001100095100002200106245009100128260004500219300003000264490004500294650003200339700002100371830006800392852002100460121302ES-MaACL20250822094344.0t|070214s1983 sp r ||||1| spa d a84-265-5068-1 a371.261 aPopham, W. James.10aEvaluación basada en criterios / cW. James Popham ; traducción de Enma Fondevila. aMadrid : bMagisterio Español, c1983. a333 p. : bil. ; c23 cm.1 aBiblioteca de ciencias de la educación 4aEstudiantes-xEvaluación.1 aFondevila, Enma.10aBiblioteca de ciencias de la educación (Magisterio Español) aES-MaACLjL-5140